| 000 | 00555nam a2200181 i 4500 | ||
|---|---|---|---|
| 001 | 81149 | ||
| 003 | ES-MaACL | ||
| 005 | 20230906174359.0 | ||
| 007 | t| | ||
| 008 | 041103q19401949sp ||||1| spa d | ||
| 100 | 1 |
_aHoyos Sáinz, Luis de, _d1868-1951 _964437 |
|
| 245 | 1 | 3 |
_aEl método etnográfico en la interpretación prehistórica / _cpor Luis de Hoyos Sáinz. |
| 260 |
_a[Madrid : _bs.n., _c194-?] |
||
| 300 |
_a6 h. ; _c25 cm. |
||
| 500 | _aEs separata de: pág. 67-77. | ||
| 852 |
_aES-MaACL _j1879-F-4 _bR.25441 |
||
| 999 |
_c81149 _d81149 |
||